00822nam a2200229 a 450000100060000000300080000600500170001400800410003103500190007204000420009104100080013308200250014124500590016626000610022530000360028649001080032250400200043065000370045065000290048765000280051683000480054442666BD-RjUL20211209053555.0160614s1946 ilua 001 0 eng  a(BD-RjUL)42784 aDLCcYNGdOCLdCHSdSERdBD-RjULbeng aeng a331.12223bIND 194610aIndustry and society /cedited by William Foote Whyte. aNew York ;aLondon :bMcGraw-Hill Book Company, cc1946. avi p., 211 p. :bill.,c21 cm.1 aChicago. University. Committee on human relations in industry. Human relations in industry series,vv.1 aIncludes index. 0aLabour Economics, labour market. 2aInterpersonal Relations. 2aPsychology, Industrial. 0aHuman relations in industry series ;vv. 1.